Представление документа в формате RUSMARC

ПолеНазваниеЗначение
  Тип записи a
  Библиографический уровень m
001 Контрольный номер RU/SLIB/B/208711422
005 Дата корректировки 20241015084720.9
010 Индекс ISBN __
d Цена 90-00
101 Язык документа 0_
a Язык текста rus
c Язык оригинала rus
200 Заглавие и сведения об ответственности 0_
a Заглавие Лонсянг мув ир
f Первые сведения об ответственности Ругин Р. П.
b Общее обозначение материала Текст
210 Выходные данные 1_
a Место издания Тюмень
c Издательство Ю. Мандрика
d Дата издания 1999
215 Физическое описание __
a Объем 272 с.
600 Персоналии _1
a Персоналии (Фамилия) Ругин Р.
606 Тематические рубрики __
a Основная рубрика Художественная литература
606 Тематические рубрики __
a Основная рубрика Литература народов России (произведения)
610 Ключевые слова 0_
a Ключевые слова краеведение; хантыйская литература; поэзия
686 Индексы других классификаций __
2 Код системы rubbks
a Классификационный индекс К84(2Рос=Хат)6-5
700 Автор _1
a Фамилия Ругин
b Имя Р. П.
4 Код отношения 070
801 Источник записи _0
a Страна RU
b Организация Муниципальное бюджетное учреждение культуры "Централизованная библиотечная система" г. Сургут (Центральная городская библиотека им. А. С. Пушкина)
g Правила каталогизации ОБ/Бутенко
801 Источник записи _1
a Страна RU
b Организация Муниципальное бюджетное учреждение культуры "Централизованная библиотечная система" г. Сургут (Центральная городская библиотека им. А. С. Пушкина)
g Правила каталогизации ОБ/Бутенко
852 Данные о местонахождении __
j Шифр хранения К84(2Рос=Хат)6-5
c Каталожный индекс К84(2Рос=Хат)6-5
i Авторский знак Р 82
p Инвентарный номер 72324
901 Тип документа __
t Тип документа m
903 Характеристики (МАРС) __
a Дата передачи 19990615
990 Данные о заказе (DOS) 00
j Количество экземпляров (DOS) 1
t N записи в КСУ для И/У (DOS) 199901